| 000 | 00607nam a2200193Ia 4500 | ||
|---|---|---|---|
| 003 | GCL | ||
| 008 | 140319s9999 xx 000 0 ara d | ||
| 040 |
_aGCL / _cGCL |
||
| 082 | 0 | 4 |
_aق _b910.96239 _bم ع |
| 100 | 1 | _aمحمد حجازى محمد | |
| 245 | 1 | 0 |
_aالعمران والمركز العمرانية فى محافظه شمال سيناء : (دراسة ميدانية) / _cمحمد حجازى محمد |
| 300 | _a69 ص | ||
| 490 | _a | ||
| 650 | 0 | 4 | _aسيناء |
| 650 | 0 | 4 | _aالتعمير |
| 650 | 0 | 4 | _aالتنمية الحضرية |
| 650 | 0 | 4 | _aالتعمير - مصر |
| 942 |
_2ddc _cBK |
||
| 999 |
_c39308 _d39308 |
||